000 00888cab a2200241 4500
001 WB2304-17
008 090401t1987 xxu||||| |||| 00| 0 eng d
035 _a(Sirsi) u51645
041 _aeng
245 _aShop and warehouse acquisition
260 _c1987
350 _a0
490 _aChartered Surveyor Weekly
_v18 (3) 22 January 1987, 55(1)
520 _aIn "W Andrews and Sons Ltd and Others v Hertfordshire CC" LT 10 October 1986 the tribunal fixed the proper compensation for the compulsory purchase of a retail carpet shop and warehouse .
650 _aEXTINGUISHMENT OF BUSINESS
650 _aLOSS OF PROFIT
650 _aSHOPS
650 _aValuation
_96273
650 _aW ANDREWS AND SONS LTD V HERTFORDSHIRE CC
690 _aENVIRONMENTAL AND LAND CONSULTANCY-PLANNING AND DEVELOPMENT-COMPULSORY PURCHASE AND COMPENSATION
942 _n0
948 _c04/03/1997
999 _c32050
_d32050